Flughafencodes #1 - Statistiken

Allgemein
  • Dieses Quiz wurde 103 mal gespielt
  • Das Durchschnittsergebnis liegt bei 14 aus 15
Antwortstatistiken
Hint Antwort % Korrekt
Istanbul IST
100%
Amsterdam AMS
99%
Athen ATH
99%
Barcelona BCN
99%
Kuala Lumpur KUL
99%
London Heathrow LHR
99%
Miami MIA
99%
Peking PEK
99%
Sydney SYD
99%
Bremen BRE
98%
Charlotte CLT
98%
Stuttgart STR
98%
Wien VIE
97%
Chicago ORD
69%
Sao Paulo GRU
66%
Keine übereinstimmenden Quizze gefunden
Verteilung der Resultate
Anzahl Personen mit jedem Resultat
Perzentil nach korrekt beantworteten Fragen
Ihre Resultats-Entwicklung
Sie haben dieses Quiz noch nicht gespielt